| 000 | 00833cam a2200241 a 4500 | ||
|---|---|---|---|
| 005 | 20160608020002.0 | ||
| 008 | 010910s1996 ck ab r 00110deng d | ||
| 020 | _a9583303941 | ||
| 040 |
_ala _cla _dCO-BoIAVH |
||
| 041 | 0 | _aeng | |
| 044 | _ack | ||
| 082 | 0 | 4 |
_a584.4 _bO76o |
| 100 | 1 |
_aOspina Hernández, Mariano. _945361 |
|
| 245 | 1 | 0 |
_aOrchids and ecology in Colombia : _bto the rescue of paradise / _cPor Mariano Ospina H. |
| 260 |
_aSantafé de Bogotá : _bPanamericana Formas e Impresos, _c1996. |
||
| 300 |
_a228 páginas : _bilustraciones, mapas ; _c29 x 22 cm. |
||
| 504 | _aIncluye bibliografía. | ||
| 650 | 4 |
_aOrquídeas _z Colombia. _945362 |
|
| 650 | 4 |
_aOrquídeas _x Clasificación. _945363 |
|
| 650 | 6 |
_aOrchidaceae _z Colombia. _945364 |
|
| 650 | 6 |
_aOrchidaceae _xClasificación _945365 |
|
| 942 |
_2ddc _cLIBRO _01 |
||
| 999 |
_c1084 _d1084 |
||